000 00558nmm a2200169Ia 4500
008 251105s9999||||xx |||||||||||||||||und||
020 _a9788437077383
041 _aspa
100 _aPérez Alonso-Geta, Petra Mª
245 0 _aInfancia y familias :
_b Valores y estilo de educación (6-14 años)
264 _a[Madrid, España] :
_bPublicaciones de la Universidad de Valencia (PUV),
_c2010
300 _a156 páginas
490 _aFora de Col·lecció
650 _aPsychology
856 _uhttps://public.digitaliapublishing.com/a/35335
942 _cCF
999 _c82511
_d82511